Uns Óculos para a Rita (Registo nº 30906)
[ vista simples ]
| 000 -Etiqueta do registo | |
|---|---|
| Valores | 00601nam a2200241 4500 |
| 010 ## - Número ISBN | |
| ISBN | 9789722619080 |
| 021 ## - Número do Depósito Legal | |
| -- | PT |
| Número | 163683/01 |
| 090 ## - | |
| -- | 30906 |
| 100 ## - Dados gerais de processamento | |
| Dados gerais | 20100308d2008 a 0pory5003 ba |
| 101 ## - Língua de publicação | |
| -- | por |
| 102 ## - País de publicação | |
| -- | PT |
| 105 ## - | |
| -- | a z 000fy |
| 200 1# - Titulo e menção de responsabilidade | |
| Título próprio | Uns Óculos para a Rita |
| Primeira menção de responsabilidade | Luísa Ducla Soares |
| 205 ## - Menção da edição | |
| Edição | 4ª ed. |
| 210 ## - Publicação | |
| Local de publicação | Porto |
| Nome do editor | Civilização |
| Data de publicação | 2008 |
| 215 ## - Descrição física | |
| Paginação / Volumes | [32] p. |
| Dimensões | 26 cm. |
| 675 ## - CDU | |
| Notação | 087.5 |
| Edição | BNL |
| Língua | por |
| 675 ## - CDU | |
| Notação | 821.134.3-93 |
| Edição | BNL |
| Língua | por |
| 700 #1 - Autor principal (pessoa individual) | |
| Apelido | Soares |
| Nome | Luísa Ducla |
| 930 ## - | |
| -- | BECRE |
| 990 ## - Elementos KOHA | |
| Tipo de documento | Livro |
| 995 ## - Localização e informação dos exemplares | |
| -- | 18 |
| 995 ## - Localização e informação dos exemplares | |
| -- | 18 |
| 995 ## - Localização e informação dos exemplares | |
| -- | 18 |
| 995 ## - Localização e informação dos exemplares | |
| -- | 18 |
| 995 ## - Localização e informação dos exemplares | |
| -- | 18 |
| 995 ## - Localização e informação dos exemplares | |
| -- | 18 |
| 995 ## - Localização e informação dos exemplares | |
| -- | 18 |
| 995 ## - Localização e informação dos exemplares | |
| -- | 18 |
| Situação do levantamento | Estado | Biblioteca de origem | Biblioteca de empréstimo | Código de barras | Cota | Permissão de empréstimo | Tipo de documento |
|---|---|---|---|---|---|---|---|
| Completo | Biblioteca da Escola Básica e Secundária Dr Isidoro de Sousa | Biblioteca da Escola Básica e Secundária Dr Isidoro de Sousa | 1482BVEV | 087.5 SOA | Disponível | Livro | |
| Completo | Biblioteca do Centro Escolar de Viana do Alentejo | Biblioteca do Centro Escolar de Viana do Alentejo | 1483BV | 087.5 SOA | Disponível | Livro | |
| Completo | Biblioteca do Centro Escolar de Viana do Alentejo | Biblioteca do Centro Escolar de Viana do Alentejo | 1484BV | 087.5 SOA | Disponível | Livro | |
| Completo | Biblioteca do Centro Escolar de Viana do Alentejo | Biblioteca do Centro Escolar de Viana do Alentejo | 1485BV | 087.5 SOA | Disponível | Livro | |
| Completo | Biblioteca do Centro Escolar de Viana do Alentejo | Biblioteca do Centro Escolar de Viana do Alentejo | 1486BV | 087.5 SOA | Disponível | Livro | |
| Completo | Biblioteca do Centro Escolar de Viana do Alentejo | Biblioteca do Centro Escolar de Viana do Alentejo | 1487BV | 087.5 SOA | Disponível | Livro | |
| Completo | Biblioteca do Centro Escolar de Viana do Alentejo | Biblioteca do Centro Escolar de Viana do Alentejo | 1488BV | 087.5 SOA | Disponível | Livro | |
| Completo | Biblioteca do Centro Escolar de Viana do Alentejo | Biblioteca do Centro Escolar de Viana do Alentejo | 1489BV | 087.5 SOA | Disponível | Livro |